<?xml version="1.0" encoding="UTF-8"?>
<record
    xmlns:xsi="http://www.w3.org/2001/XMLSchema-instance"
    xsi:schemaLocation="http://www.loc.gov/MARC21/slim http://www.loc.gov/standards/marcxml/schema/MARC21slim.xsd"
    xmlns="http://www.loc.gov/MARC21/slim">

  <leader>01325nam a2200289   4500</leader>
  <controlfield tag="001">113715</controlfield>
  <controlfield tag="003">DR-UNIBE</controlfield>
  <controlfield tag="005">20251014062549.0</controlfield>
  <controlfield tag="008">250602b1997    sp ||||| |||| 00| 0 spa d</controlfield>
  <datafield tag="020" ind1=" " ind2=" ">
    <subfield code="a">8403595905</subfield>
  </datafield>
  <datafield tag="040" ind1=" " ind2=" ">
    <subfield code="a">BIBLIOTECA UNIBE</subfield>
    <subfield code="c">BIBLIOTECA UNIBE</subfield>
    <subfield code="b">spa</subfield>
    <subfield code="e">rda</subfield>
  </datafield>
  <datafield tag="041" ind1=" " ind2=" ">
    <subfield code="a">spa</subfield>
  </datafield>
  <datafield tag="082" ind1=" " ind2=" ">
    <subfield code="2">22</subfield>
    <subfield code="a">070.43 G73</subfield>
  </datafield>
  <datafield tag="245" ind1="1" ind2="4">
    <subfield code="a">Las grandes entrevistas de la historia :</subfield>
    <subfield code="b">1859-1992 /</subfield>
    <subfield code="c">edici&#xF3;n: Christopher Silvester ; pr&#xF3;logo de Rosa Montero ; traducci&#xF3;n de Herminia Bevia, Antonio Resines; dise&#xF1;o de cubierta: Juan Pablo Rada</subfield>
  </datafield>
  <datafield tag="260" ind1=" " ind2=" ">
    <subfield code="a">Madrid : </subfield>
    <subfield code="b">El Pa&#xED;s:</subfield>
    <subfield code="b">Aguilar, </subfield>
    <subfield code="c">1997</subfield>
  </datafield>
  <datafield tag="300" ind1=" " ind2=" ">
    <subfield code="a">634 p&#xE1;ginas : </subfield>
    <subfield code="c">24 x 14 cm</subfield>
  </datafield>
  <datafield tag="500" ind1=" " ind2=" ">
    <subfield code="a">Incluye datos del editor en p&#xE1;gina 13, comentario de la obra en la contraportada. En la solapa se encuentran los nombres de las empresas fotogr&#xE1;ficas que aportaron las fotos de cubierta</subfield>
  </datafield>
  <datafield tag="504" ind1=" " ind2=" ">
    <subfield code="a">Incluye bibliograf&#xED;a</subfield>
  </datafield>
  <datafield tag="650" ind1=" " ind2="7">
    <subfield code="2">lemb</subfield>
    <subfield code="a">Personajes Famosos</subfield>
    <subfield code="y">1859-1992</subfield>
    <subfield code="x">Entrevistas</subfield>
    <subfield code="9">199741</subfield>
  </datafield>
  <datafield tag="650" ind1=" " ind2="7">
    <subfield code="2">lemb</subfield>
    <subfield code="a">Entrevistas (Periodismo)</subfield>
    <subfield code="x">1859-1992</subfield>
    <subfield code="9">199742</subfield>
  </datafield>
  <datafield tag="700" ind1="1" ind2="0">
    <subfield code="a">Christopher Silvester,</subfield>
    <subfield code="d">1959-</subfield>
    <subfield code="9">196073</subfield>
    <subfield code="e">editot</subfield>
  </datafield>
  <datafield tag="700" ind1="1" ind2="0">
    <subfield code="a">Montero, Rosa, </subfield>
    <subfield code="d">1951-</subfield>
    <subfield code="9">118748</subfield>
    <subfield code="e">prologuista</subfield>
  </datafield>
  <datafield tag="700" ind1="1" ind2="0">
    <subfield code="a">Bevia, Herminia</subfield>
    <subfield code="9">196074</subfield>
    <subfield code="e">traductor</subfield>
  </datafield>
  <datafield tag="700" ind1="1" ind2="0">
    <subfield code="a">Resines, Antonio,</subfield>
    <subfield code="d">1954-</subfield>
    <subfield code="9">117763</subfield>
  </datafield>
  <datafield tag="700" ind1="1" ind2="0">
    <subfield code="a">Rada, Juan Pablo</subfield>
    <subfield code="9">146844</subfield>
    <subfield code="e">dise&#xF1;ador de cubierta</subfield>
  </datafield>
  <datafield tag="942" ind1=" " ind2=" ">
    <subfield code="2">ddc</subfield>
    <subfield code="c">BK</subfield>
  </datafield>
  <datafield tag="999" ind1=" " ind2=" ">
    <subfield code="c">113715</subfield>
    <subfield code="d">113715</subfield>
  </datafield>
  <datafield tag="952" ind1=" " ind2=" ">
    <subfield code="0">0</subfield>
    <subfield code="1">0</subfield>
    <subfield code="2">ddc</subfield>
    <subfield code="7">0</subfield>
    <subfield code="8">GEN</subfield>
    <subfield code="a">Principal</subfield>
    <subfield code="d">2025-04-08</subfield>
    <subfield code="l">0</subfield>
    <subfield code="o">070.43 G73</subfield>
    <subfield code="p">250632</subfield>
    <subfield code="r">2025-06-02 09:02:30</subfield>
    <subfield code="t">Ej. 1</subfield>
    <subfield code="w">2025-06-02</subfield>
    <subfield code="y">BK</subfield>
  </datafield>
</record>
